Städte an der Elbe - Sudden Death - Statistiken

Allgemein
  • Dieses Quiz wurde 202 mal gespielt
  • Das Durchschnittsergebnis liegt bei 4 aus 11
Answers on the Grid
Answers color-coded by a green-red scale on the quiz's grid according to % correct below.
Leipzig
Brandenburg
Dresden
Stade
Neumünster
Braunschweig
Wittenberg
Zwickau
Goslar
Ruppin
Dessau-Roßlau
Bautzen
Merseburg
Hamburg
Lüneburg
Erfurt
Zeitz
Magdeburg
Eisenhüttenstadt
Schwerin
Meissen
Köthen
Lübeck
Riesa
Königsgrätz
Pilsen
Wismar
Gera
Wolfsburg
Aussig
Pirna
Brünn
 
Antwortstatistiken
Antwort % Korrekt
Dresden
87%
Hamburg
77%
Magdeburg
60%
Stade
36%
Dessau-Roßlau
32%
Wittenberg
29%
Pirna
25%
Meissen
22%
Riesa
16%
Königsgrätz
10%
Aussig
8%
Keine übereinstimmenden Quizze gefunden
Verteilung der Resultate
Anzahl Personen mit jedem Resultat
Perzentil nach korrekt beantworteten Fragen
Ihre Resultats-Entwicklung
Sie haben dieses Quiz noch nicht gespielt